Vista normal Vista MARC

Entrada Topical Term

Número de registros utilizados en: 2

001 - CONTROL NUMBER

  • control field: 39782

003 - CONTROL NUMBER IDENTIFIER

  • control field: OSt

005 - DATE AND TIME OF LATEST TRANSACTION

  • control field: 20210830102750.0

008 - FIXED-LENGTH DATA ELEMENTS

  • fixed length control field: 210830|| aca||aabn | a|a d

040 ## - CATALOGING SOURCE

  • Original cataloging agency: OSt
  • Transcribing agency: OSt

150 ## - HEADING--TOPICAL TERM

  • Topical term or geographic name entry element: Derecho natural

670 ## - SOURCE DATA FOUND

  • Source citation: Work cat.: (OSt)8420: Cathrein, S.J., Victor, 17217 autor, Filosofía del derecho : , 1945